Ballon d'Or Top 10 (2015-2025) - Statistics

General Stats
  • This quiz has been taken 124 times
  • The average score is 78 of 100
Answer Stats
# Player % Correct
1 | 2 | 3 | 6 Cristiano Ronaldo
100%
1 | 2 | 5 Lionel Messi
100%
1 | 5 | 9 | 10 Luka Modric
97%
1 Ousmane Dembele
97%
1 | 5 Rodri
95%
1 | 4 Karim Benzema
94%
2 | 8 Lamine Yamal
92%
4 | 5 | 6 | 7 Mohamed Salah
91%
3 | 5 Neymar
91%
2 | 4 | 8 | 9 Robert Lewandowski
91%
2 | 6 | 8 Vinicius Jr.
91%
2 | 5 | 10 Erling Haaland
90%
3 | 4 | 6 | +2 others Kylian Mbappe
88%
2 Virgil Van Dijk
86%
3 Vitinha
85%
2 | 4 Sadio Mane
83%
3 Antoine Griezmann
82%
4 | 5 Luis Suarez
79%
3 | 4 | 8 | 9 Kevin De Bruyne
76%
9 Andres Iniesta
74%
9 Toni Kroos
74%
7 Manuel Neuer
72%
6 Sergio Ramos
72%
10 Harry Kane
71%
3 Jude Bellingham
71%
5 Raphinha
67%
6 Gareth Bale
64%
5 | 8 N'Golo Kante
62%
10 Nuno Mendes
62%
6 Achraf Hakimi
60%
9 | 10 Gianluigi Donnarumma
60%
4 Dani Carvajal
58%
3 Jorginho
58%
4 | 9 Gianluigi Buffon
55%
7 Thibaut Courtois
55%
7 Raphael Varane
54%
7 Lautaro Martinez
53%
9 Bernardo Silva
50%
6 Thomas Müller
49%
8 Cole Palmer
47%
8 Eden Hazard
46%
7 | 10 Riyad Mahrez
46%
7 Alisson
44%
8 Jamie Vardy
38%
9 Pepe
38%
7 Julian Alvarez
32%
8 Victor Osimhen
22%
10 Alexis Sanchez
21%
No matching quizzes found
Score Distribution
Percent of People with Each Score
Percentile by Number Answered
Your Score History
You have not taken this quiz